Brawl stars : les brawlers anciennement chromatiques - Statistiques

Statistiques générales
  • Ce quiz a été pris 209 fois
  • Le résultat moyen est 13 sur 21
Statistiques - réponses
rareté actuelle brawler % Correct
légendaire Surge
95%
épique Gael
89%
légendaire Cordelius
76%
épique Colette
70%
épique Belle
66%
mythique Médor
65%
mythique Buzz
62%
mythique Lou
62%
épique Sam
62%
mythique Fang
58%
épique Mandy
58%
mythique Buster
56%
épique Maisie
55%
mythique Eve
54%
mythique Janet
54%
épique Lola
53%
épique Ash
50%
mythique R-T
48%
mythique Otis
47%
épique Pearl
47%
mythique Charlie
42%
Aucun quiz correspondant
Distribution des résultats
% des personnes avec chaque résultat
Percentile par nombre de réponses
Votre historique - résultats
Vous n’avez pas pris ce quiz